[Event "BAN-chT Golden Jubilee 2021-22"]
[Site "Dhaka"]
[Date "2022.03.12"]
[Round "3.21"]
[White "Abu Sufian, Shakil"]
[Black "Chowdhury, Sohel"]
[Result "1-0"]
[WhiteElo "2232"]
[BlackElo "2046"]
[Annotator "TA"]
[PlyCount "121"]
[EventDate "2022.03.10"]
[EventType "team-tourn"]
[EventCountry "BAN"]
[SourceTitle "playchess.com"]
[Source "ChessBase"]
[SourceQuality "1"]

{[%evp 26,121,17,16,27,31,24,25,22,21,22,34,23,27,24,29,27,15,27,23,35,39,55,60,68,68,68,68,70,72,74,75,148,141,129,138,212,208,202,187,208,209,303,303,301,198,193,197,197,197,193,190,247,247,247,246,234,229,266,248,237,229,549,549,527,513,1064,1880,650,453,12841,12842,12843,12843,12844,12844,12845,12845,12845,12845,12845,12846,12847,12847,12847,12848,12848,12849,12849,12850,12850,237,27999,27999,27999,27999,27999,27999]} 1. e4 c6 2. d4 d5 3. Nc3 dxe4 4. Nxe4 Bf5 5. Ng3 Bg6 6. h4 h6 7. Nf3 Nd7 8. h5 Bh7 9. Bd3 Bxd3 10. Qxd3 e6 11. Bd2 Ngf6 12. O-O-O Be7 13. Kb1 O-O 14. Ne4 Nxe4 {B19: Classical Caro-Kann: 4...Bf5 main line.} 15. Qxe4 Nf6 16. Qe2 {[%cal Og2g4]} Qd5 {White has an edge.} 17. Ne5 Qe4 (17... Qxg2 $2 18. Rdg1 Qe4 19. Qxe4 Nxe4 20. Bxh6 $16) 18. Qxe4 Nxe4 19. Be1 {[%cal Bd2e1,Be1f2,Bf2e3][%mdl 32]} Rfd8 20. f3 Nf6 21. Bf2 Nd7 22. c4 (22. c3 {is interesting.} a5 23. a4 Nb6 24. b3 Nd5 25. Kc2) 22... Nxe5 (22... Rac8 {looks sharper.} 23. a4 a6 24. Kc2 b5 25. b3 Bf6) 23. dxe5 {[#]} c5 $146 ({Predecessor:} 23... Kf8 24. Kc2 b6 25. a4 Ke8 26. Kc3 Rab8 27. b4 a5 28. b5 c5 29. Be3 Rxd1 30. Rxd1 {1-0 (52) Kokarev,D (2639)-Ravi,T (2403) Mumbai 2015}) 24. Kc2 Kf8 25. Be3 Ke8 26. g4 b6 27. f4 {[%cal Bf3f4,Bf4g5,Bg5g6,Bg6g7][%mdl 32] Black is now going downhill.} Rxd1 28. Rxd1 $16 {[%mdl 4096] Endgame KRB-KRB} f6 ({Black should try} 28... Rd8) 29. exf6 {White is more active.} Bxf6 30. g5 hxg5 (30... Be7 $16 31. b3 Rd8) 31. fxg5 $18 Be5 {[#]} 32. Re1 $1 {[%cal Oe3c5] Black must now prevent Bxc5!} Bg3 {[#]} 33. Rf1 {Threatens to win with g6.} Be5 (33... Ke7 $142 34. h6 e5) 34. g6 {aiming for h6.} Rd8 35. h6 gxh6 36. Bxh6 {And now Rf8+ would win.} Rd4 37. g7 Rxc4+ 38. Kd3 Rd4+ (38... Bxg7 {keeps fighting.} 39. Bxg7 (39. Kxc4 Bxh6 40. Rf6 Bg7 $18) 39... Rg4) 39. Ke3 Bxg7 40. Bxg7 {KRB-KR} Rg4 41. Be5 b5 42. Rf6 Ke7 43. Rh6 {Rh7+ is the strong threat.} Ra4 $2 (43... Kd7 {is more resistant.} 44. Rh7+ Kc6 45. Rxa7 Kd5) 44. Rh7+ Ke8 45. a3 b4 (45... a5 $142 46. Bf6 b4 47. axb4 cxb4) 46. axb4 cxb4 47. Bd4 a5 (47... a6 $142 48. Ra7 a5) 48. Ke4 Ra1 49. Ke5 Re1+ 50. Kd6 Kf8 51. Be5 Kg8 52. Rg7+ Kf8 53. Ra7 Ra1 54. Kxe6 {[%cal Ra7a8]} Kg8 55. Rg7+ Kf8 56. Rh7 {[%cal Rh7h8]} Rg1 57. Rh8+ Rg8 58. Rxg8+ Kxg8 59. Kd5 {White mates.} a4 60. Kc4 a3 61. b3 {Weighted Error Value: White=0.10 (very precise) /Black=0.25 (precise)} 1-0

[Event "BAN-chT Golden Jubilee 2021-22"]
[Site "Dhaka"]
[Date "2022.03.12"]
[Round "3.22"]
[White "Harsha Bharathakoti"]
[Black "Zia, Tahsin Tajwar"]
[Result "1/2-1/2"]
[WhiteElo "2499"]
[BlackElo "2283"]
[Annotator "TA"]
[PlyCount "102"]
[EventDate "2022.03.10"]
[EventType "team-tourn"]
[EventCountry "BAN"]
[SourceTitle "playchess.com"]
[Source "ChessBase"]
[SourceQuality "1"]

{[%evp 22,102,5,0,8,0,0,-7,29,13,-12,-5,-4,0,8,0,9,-24,14,14,34,0,0,0,18,0,0,0,-12,0,0,0,0,0,0,0,0,0,0,-15,-8,-17,-15,-281,-10,-10,-16,-12,-4,-10,0,0,0,0,0,0,0,0,0,0,0,0,0,0,0,0,0,0,0,0,0,0,8,8,8,8,8,8,8,8,8,8,8]} 1. d4 d5 2. c4 e6 3. Nc3 Nf6 4. cxd5 exd5 5. Bg5 c6 6. e3 h6 7. Bh4 Be7 8. Qc2 O-O 9. Bd3 Re8 10. Nge2 a5 11. O-O Nbd7 12. f3 b5 {D36: Queen's Gambit Declined: Exchange Variation: Main line (5 Bg5 c6 6 Qc2).} 13. Kh1 Ba6 {[#]} 14. Bf2 $146 ({Predecessor:} 14. Rad1 Nf8 15. Bf2 Ne6 16. e4 dxe4 17. fxe4 Qc8 18. e5 Nd5 19. Bg1 b4 20. Ne4 {1-0 (46) Nagy,G (2518)-Lodici,L (2483) Tornelo INT 2021}) 14... Nb6 15. Rad1 b4 16. Bxa6 Rxa6 17. Nb1 Qa8 {[%cal Oc6c5]} 18. Ng3 a4 {[%cal Ob4b3]} 19. Nd2 {Prevents b3.} Rb8 {[%cal Ob4b3]} (19... c5 $5) 20. Nf5 Bf8 {[%cal Ob4b3]} 21. Bg3 Rc8 22. Bd6 c5 23. dxc5 Nbd7 {[%cal Bb6d7,Bd7c5,Bc5d3][%mdl 32] [#] Strongly threatening ...Bxd6.} 24. Bxf8 Kxf8 25. e4 Nxc5 26. exd5 Qxd5 27. Nc4 b3 28. Rxd5 ({Wrong is} 28. axb3 $2 {[#]} axb3 $1 29. Qd2 Qxf5 $17) 28... bxc2 29. Rd2 Nd3 30. Rxc2 {[%cal Oc2d2]} Nb4 {[%csl LRa2,LRc2]} 31. Rd2 Rxc4 32. Rd8+ Ne8 {White must now prevent ...Rc5.} 33. Re1 $1 {[%csl Ge1][%cal Rd8e8] The position is equal.} Re6 {[%cal Re6e1]} 34. Rxe8+ $1 Kxe8 {[%cal Re6e1]} 35. Rxe6+ fxe6 {[%cal Rc4c1]} 36. Nd6+ Kd7 {[%cal Rc4c1]} 37. Nxc4 Nxa2 $11 {[%mdl 4096] Endgame And now ...Kc6 would win. KN-KN} 38. Nb6+ Kc6 $1 39. Nxa4 Kb5 40. b3 Nc1 41. Nc3+ Kb4 42. Ne4 Nxb3 43. h4 Kc4 44. Kh2 Kd5 45. Kg3 Ke5 46. Kg4 g6 47. h5 gxh5+ 48. Kxh5 Kf4 49. Kxh6 Nd4 50. Kg6 Nxf3 51. gxf3 Kxf3 {Weighted Error Value: White=0.04 (flawless) /Black=0.03 (flawless)} 1/2-1/2

[Event "BAN-chT Golden Jubilee 2021-22"]
[Site "Dhaka"]
[Date "2022.03.12"]
[Round "3.23"]
[White "Puranik, Abhimanyu"]
[Black "Jabed Al Azad"]
[Result "1-0"]
[WhiteElo "2618"]
[BlackElo "2043"]
[Annotator "TA"]
[PlyCount "93"]
[EventDate "2022.03.10"]
[EventType "team-tourn"]
[EventCountry "BAN"]
[SourceTitle "playchess.com"]
[Source "ChessBase"]
[SourceQuality "1"]

{[%evp 20,93,52,13,46,39,60,60,56,54,61,48,51,43,52,60,165,172,164,163,175,177,281,287,280,285,292,288,298,293,288,293,467,472,468,433,837,822,873,870,836,323,328,327,330,335,335,335,325,323,335,319,447,447,717,671,607,1157,1319,1291,1148,1281,1203,1188,1912,1502,2212,2085,1954,1909,4778,3513,29945,6725,29980,29981]} 1. c4 Nf6 2. Nf3 g6 3. g3 Bg7 4. Bg2 O-O 5. O-O c5 6. Nc3 Nc6 7. d4 cxd4 8. Nxd4 Nxd4 9. Qxd4 d6 10. Qd3 a6 11. Bd2 Qc7 {A39: Symmetrical English vs ...g6: 4 Bg2 Bg7 5 Nf3 Nf6 6 0-0 0-0 7 d4.} (11... Bf5 $5 {[%cal Rf5d3]} 12. e4 Bd7 $11) 12. Rac1 Be6 13. b3 Rac8 {White is slightly better.} 14. Rfd1 {[#]} Qb8 $146 ({Predecessor:} 14... Rfd8 15. Be3 Nd7 16. Nd5 Bxd5 17. Qxd5 b6 18. Qb7 Nc5 19. Qxc7 Rxc7 20. b4 Na4 {0-1 (67) Ris,R (2423)-Leenhouts,K (2488) Playchess.com INT 2016}) 15. h3 {White is more active.} Rfd8 16. Bf4 Bd7 17. Qe3 e5 {Black is on the road to losing.} ({Black should play} 17... Be6 $14) 18. Bg5 $18 Bc6 {[#]} 19. Bxc6 $1 bxc6 20. Qf3 e4 (20... d5 $142 21. cxd5 (21. Bxf6 e4 $16) 21... Rd6 22. dxc6 Rcxc6 23. Rxd6 Rxd6) 21. Nxe4 Nxe4 22. Bxd8 ({Weaker is} 22. Qxe4 Re8 23. Qf3 Qc7 $16) 22... Nc3 23. Rxc3 Bxc3 24. Bf6 ({Don't do} 24. Qxc3 Rxd8 25. Qf6 d5 $18) 24... Bxf6 25. Qxf6 {[%mdl 4096] Endgame KQR-KQR} Rd8 (25... Qb4 {keeps fighting.} 26. Qxd6 Qa5) 26. c5 {[%cal Bc4c5,Bc5c6][%mdl 32]} d5 27. Qxc6 d4 (27... Rc8 $142 28. Qxd5 Qb5) 28. Qxa6 Qe5 29. c6 Qc5 30. Qc4 $2 (30. b4 Qc2 31. Rd3) 30... Qxc4 31. bxc4 {[#] Strongly threatening e3. KR-KR} Rd6 32. c7 Rc6 33. Rxd4 {Threatening mate with Rd8+.} Rxc7 34. a4 {[%cal Ba2a4,Ba4a5,Ba5a6,Ba6a7][%mdl 32]} Kf8 35. a5 Rc5 (35... Ke7 $142 36. f3 Rc5) 36. a6 Ke7 {To avoid Rd8} (36... Ra5 $142 37. Rd6 Ke7) 37. Rd5 Rxc4 38. Ra5 {To avoid Ra4. Threatens to win with a7.} Rc8 39. a7 Ra8 40. Kg2 Kd6 41. Kf3 Kc7 42. Kf4 Kb6 43. Ra2 f6 44. e4 Kb7 45. g4 {And now g5 would win.} h6 46. h4 Rxa7 47. Rxa7+ {Weighted Error Value: White=0.19 (very precise) /Black=0.32} 1-0

[Event "BAN-chT Golden Jubilee 2021-22"]
[Site "Dhaka"]
[Date "2022.03.12"]
[Round "3.24"]
[White "Mendonca, Leon Luke"]
[Black "Mitrabha, Guha"]
[Result "1-0"]
[WhiteElo "2536"]
[BlackElo "2510"]
[Annotator "TA"]
[PlyCount "103"]
[EventDate "2022.03.10"]
[EventType "team-tourn"]
[EventCountry "BAN"]
[SourceTitle "playchess.com"]
[Source "ChessBase"]
[SourceQuality "1"]

{[%evp 9,103,23,37,43,29,29,34,31,32,46,36,28,69,43,71,64,68,68,91,79,79,72,83,85,75,76,76,77,83,80,87,76,495,496,484,475,483,474,479,460,541,400,421,406,404,398,394,389,400,392,386,277,331,272,272,261,252,125,124,133,133,132,197,197,422,414,407,407,407,400,398,381,389,389,374,371,340,329,1399,1188,2729,2334,29961,12380,29971,29971,29969,29970,29975,29976,29975,29976,29972,29973,29968,29968]} 1. d4 Nf6 2. c4 e6 3. Nf3 d5 4. Nc3 {[%cal Bb1c3,Bc3b5,Bb5a3][%mdl 32]} dxc4 5. e4 {[%cal Be2e4,Be4e5][%mdl 32]} b5 6. e5 {D24: Queen's Gambit Accepted: 3 Nf3 Nf6 4 Nc3.} Nd5 7. Nxb5 Nb6 8. Be2 {White is slightly better.} Be7 9. O-O Nc6 10. Be3 {[#] 10.Qd2 is more advanced technology.} Nb4 $146 (10... Bb7 $11) ({Predecessor:} 10... O-O 11. Nc3 Rb8 12. Qc1 Nb4 13. Rd1 Bb7 14. Nd2 Nd3 15. Qc2 Ba6 16. Rab1 Nb4 {0-1 (43) Fedoseev,V (2690)-Pichot,A (2629) Dubai 2021}) 11. Nd2 {[%cal Bf3d2,Bd2b3,Bb3c5][%mdl 32] White is more active.} Ba6 12. Na3 {[%cal Ra3c4]} O-O 13. Naxc4 N6d5 14. Nb3 (14. Ne4 {is more complex.} c5 15. Nxc5 Nxe3 16. fxe3 Bxc4 17. Bxc4 Bxc5 18. dxc5 Qc8 19. Rc1) 14... c5 15. Nxc5 Bxc4 16. Bxc4 Nxe3 17. fxe3 {Strongly threatening Ne4.} Bxc5 18. dxc5 Qa5 19. Rc1 Qxc5 20. Qb3 {[%cal Oc4e6]} Qa5 $2 {[%mdl 8192] [#]} (20... Qe7 $16 {is tougher.}) 21. Bxe6 $1 $18 {[%mdl 512]} Qxe5 (21... fxe6 $2 22. Qxe6+ Kh8 23. Rxf8+ Rxf8 24. Rc8) 22. Bxf7+ ({Weaker is} 22. Qxb4 Qxe3+ 23. Kh1 Qxe6 $11) 22... Kh8 23. a3 ({Not} 23. Qxb4 Qxe3+ 24. Kh1 Rxf7 $16) 23... Na6 24. Qe6 Qb5 25. Qc4 Qb6 26. Qd4 Rac8 27. Qxb6 axb6 28. Rxc8 Rxc8 {[%mdl 4096] Endgame KRB-KRN} 29. Be6 Re8 30. Rc1 {[%cal Ob2b4] And now b4! would win.} Nc5 31. Bh3 Nd3 {[#]} 32. Bd7 $1 {[%mdl 512] Hoping for Rc3.} Rd8 33. Rc8 (33. Rc2 $18 {has better winning chances.}) 33... Rxc8 $16 34. Bxc8 {Threatens to win with b4.} Nxb2 {KB-KN} 35. Kf2 {aiming for Ba6.} Nc4 {[#]} (35... g6 $16 36. Be6 Nd3+ 37. Ke2 Ne5) 36. a4 $1 $18 g5 $2 (36... Nd6) 37. Ke2 Kg7 {[#]} 38. Ba6 $1 Ne5 39. Kd2 Kf6 40. Kc3 Ke6 41. Kd4 Nc6+ 42. Ke4 Ne7 43. Bc4+ Kf6 $2 (43... Kd6 44. Bf7 h6) 44. g4 h6 45. h3 Nc6 46. Kd5 Na5 47. Bb5 {White mates.} Ke7 48. e4 {[%cal Be3e4,Be4e5][%mdl 32]} Kd8 49. Ke6 Nb7 50. e5 Nc5+ 51. Kf7 Ne4 52. Bc6 {Weighted Error Value: White=0.11 (very precise) /Black=0.58} 1-0

[Event "BAN-chT Golden Jubilee 2021-22"]
[Site "Dhaka"]
[Date "2022.03.13"]
[Round "4.1"]
[White "Murshed, Niaz"]
[Black "Chowdhury, Sohel"]
[Result "1-0"]
[WhiteElo "2418"]
[BlackElo "2046"]
[Annotator "TA"]
[PlyCount "115"]
[EventDate "2022.03.10"]
[EventType "team-tourn"]
[EventCountry "BAN"]
[SourceTitle "playchess.com"]
[Source "ChessBase"]
[SourceQuality "1"]

{[%evp 18,115,31,27,74,45,66,44,74,30,31,20,54,19,56,0,85,28,88,39,51,51,125,134,147,139,129,123,141,152,176,177,238,164,161,177,160,0,0,0,0,0,42,56,71,43,41,0,0,0,0,0,0,0,0,0,136,136,75,75,74,75,75,75,2528,1745,613,611,12833,12832,12830,7713,12843,12843,12850,27999,27999,27999,27999,27999,27999,27999,27999,27999,27999,27999,27998,27998,27999,27999,27989,27989,27993,27992,27993,27993,27994,27994,27995,27995]} 1. d4 d5 2. c4 c6 3. Nf3 Nf6 4. e3 e6 5. Nbd2 Nbd7 6. Bd3 Be7 7. O-O O-O 8. e4 dxe4 9. Nxe4 Nxe4 10. Bxe4 {[#]} g6 $146 {D46: Semi-Slav: 5 e3 Nbd7 6 Bd3, Black avoids the Meran.} (10... Qc7 $11 {is more appropriate.}) ({Predecessor:} 10... Nf6 11. Bc2 b6 12. Bg5 Bb7 13. Qd3 g6 14. Qc3 Rc8 15. Rad1 Qc7 16. d5 Ne8 17. Bxe7 Qxe7 18. dxe6 Qxe6 19. c5 Qf6 {1-0 (29) Nakamura,H (2736)-Fedoseev,V (2678) Chess.com INT 2020}) 11. Qe2 Re8 12. Bf4 (12. Re1 {with more complications.} Qc7 13. Bd2 Bf8 14. Rad1 e5 15. Bc2) 12... Bf6 {White is slightly better.} 13. Be5 (13. Rfe1 $16) 13... Nxe5 $11 14. dxe5 Bg7 15. c5 Qc7 16. h4 (16. Rfd1 $1 $14) 16... a5 (16... Rd8 $11) 17. h5 ({Better is} 17. Rfd1 $1 $16) 17... a4 (17... Bxe5 $11 18. Bxc6 Bh2+ 19. Nxh2 Qxc6) 18. Rac1 (18. Rfd1 $16) 18... Bd7 19. Rfd1 Red8 (19... Reb8 $1 $14) 20. hxg6 $16 hxg6 21. Rd6 $1 Be8 22. Qe3 Qe7 23. Rcd1 {White is much more active.} Rdc8 24. Bc2 Ra5 (24... b6 $142 25. cxb6 Ra5) 25. Ng5 {[%cal Oc2g6] And now Bxg6! would win.} Rxc5 26. Qxc5 Qxg5 27. f4 ({Not} 27. Bxa4 Bxe5 28. g3 b6 29. Qxb6 Bxd6 30. Rxd6 Qe5 $11) ({White should play} 27. Qb6 $16 Qe7 28. f4 (28. Bxa4 Bxe5 29. R6d2 Qh4 $11)) 27... Qxf4 $11 28. Rd8 Rxd8 29. Rxd8 {Dancing on a razor blade.} Bxe5 30. Rxe8+ $14 Kh7 31. Rd8 {To avoid Bd4+. Hoping for Qf2.} Qg5 $1 {[#]} 32. Qb6 (32. Kf1 $1 $14 Qxd8 33. Qxe5) 32... c5 $1 $11 {( -> ...Qe3+)} 33. Qxb7 Qxd8 34. Qxf7+ Kh8 35. Qxg6 {[%csl Gc2][%cal Rg6h7]} Bd4+ 36. Kf1 {[%csl Gc2][%cal Rg6h7]} Qf6+ (36... Qf8+ $11 {keeps the balance.} 37. Ke2 Qf2+ 38. Kd1 Qg1+ 39. Ke2 Qf2+ 40. Kd1 Qg1+ 41. Ke2 Qf2+) 37. Qxf6+ $16 Bxf6 38. Bxa4 Bxb2 {[%mdl 4096] Endgame KB-KB} 39. Bb3 {aiming for a4.} e5 {[#]} 40. a4 $1 {Black must now prevent a5.} Bc3 {[%mdl 8192] Black cannot hold the game after this.} (40... Bd4 $16) 41. Ke2 $18 {Strongly threatening Kd3.} Kg7 42. Kd3 Bb4 43. Kc4 Kf6 44. Kb5 e4 45. a5 Bxa5 46. Kxa5 {KB-KPP} Ke5 {White mates.} 47. g4 Kf4 48. Bd1 Ke3 49. g5 Kd2 50. g6 Kxd1 {KPP-KP} 51. g7 e3 52. g8=Q e2 53. Qd5+ Ke1 54. Qxc5 Kf1 55. Qf5+ Kg2 56. Qg4+ Kf2 57. Qf4+ Kg2 58. Qe3 {Weighted Error Value: White=0.18 (very precise) /Black=0.23 (precise)} 1-0

[Event "BAN-chT Golden Jubilee 2021-22"]
[Site "Dhaka"]
[Date "2022.03.13"]
[Round "4.3"]
[White "Mchedlishvili, Mikheil"]
[Black "Jabed Al Azad"]
[Result "1-0"]
[WhiteElo "2587"]
[BlackElo "2043"]
[Annotator "TA"]
[PlyCount "187"]
[EventDate "2022.03.10"]
[EventType "team-tourn"]
[EventCountry "BAN"]
[SourceTitle "playchess.com"]
[Source "ChessBase"]
[SourceQuality "1"]

{[%evp 11,187,19,27,0,0,0,27,27,29,13,45,39,36,35,72,61,90,82,129,130,129,115,116,115,135,127,138,107,120,114,133,104,111,92,134,123,128,93,97,92,159,153,208,203,212,215,262,164,215,212,235,229,229,231,238,227,219,183,244,211,209,208,240,232,237,196,223,209,243,236,238,216,260,252,261,256,226,158,319,348,310,343,458,318,292,233,221,208,225,202,959,553,478,135,139,103,103,94,156,108,343,338,335,304,226,1193,800,815,495,109,516,109,109,109,109,109,109,109,109,109,109,18,14,59,108,108,108,108,108,0,0,0,0,0,0,0,0,0,0,0,0,0,0,0,0,0,4,0,74,0,85,0,0,0,247,236,345,373,337,202,206,285,344,312,476,492,475,266,340,262,414,426,296,333,12839,12839,12841,12841]} 1. e4 c6 2. d4 d5 3. e5 Bf5 4. h4 h5 5. Bd3 Bxd3 6. Qxd3 e6 {6...Qa5+ gains popularity.} 7. Bg5 {B12: Caro-Kann: Advance Variation.} Qb6 8. Nd2 {Active counter play!} Qa6 9. c4 {White has an edge.} Bb4 10. b3 Nd7 11. Ngf3 Ne7 12. O-O {[%cal Oa2a3] [#]} Ba3 $146 ({Predecessor:} 12... Nf5 13. a3 Be7 14. Bxe7 Nxe7 15. Ng5 Nf5 16. g3 g6 17. Rfc1 O-O 18. Ndf3 c5 {1-0 (43) Rodriguez Vila,A (2484)-Diaz Perez,M (2459) Tornelo INT 2021}) 13. Rab1 Bb4 14. Rfd1 f6 (14... Nb6 $142) 15. Bf4 $16 Kf7 16. Nf1 {[%cal Oa2a3]} Ng6 17. Bg3 Be7 18. exf6 gxf6 19. Re1 {[%cal Oe1e6]} Ngf8 20. a4 Bb4 21. Re3 Re8 22. Rc1 Qa5 (22... Ng6 $142) 23. Re2 Qd8 24. Ne3 {[%cal Bf1e3,Be3c2,Bc2b4][%mdl 32]} Nb6 25. Nc2 $36 {[%mdl 2048] Keeping Black busy.} Be7 ({Better is} 25... Bd6) 26. c5 Nc8 (26... Nbd7 $16 {was necessary.} 27. b4 Kg8) 27. b4 {[%cal Bb3b4,Bb4b5][%mdl 32]} Qd7 28. b5 Bd8 29. Rb1 Re7 (29... Rh7 {was called for.} 30. Nb4 (30. bxc6 Qxc6 31. Qb5 Qxb5 $16) 30... cxb5) 30. Nb4 $18 {Hoping for bxc6.} cxb5 31. axb5 Bc7 32. Bxc7 Qxc7 33. Qd2 {Inhibits Qf4.} Ng6 34. Nd3 Kg7 (34... b6 $142 35. Rc1 (35. Rbe1 bxc5 36. Nxc5 Qf4 $16) 35... Qd7) 35. g3 Rhe8 36. Nb4 Rg8 37. Rbe1 Qd7 38. Qd3 Kf7 39. Kh2 Rge8 40. Re3 ({But not} 40. c6 $6 Qd6 $16) 40... Kg7 41. Qe2 Kh6 42. c6 Qd6 {[#]} 43. cxb7 $1 Rxb7 44. Nc6 (44. Rxe6 Rxe6 45. Qxe6 Qxe6 46. Rxe6 Rxb5 $14) 44... Nf8 $2 {[#]} (44... Qd7 $16 45. Rxe6 Rxe6 46. Qxe6 Qxe6 47. Rxe6 Kg7) 45. Nfe5 $1 {[%cal Bf3e5,Be5d3,Bd3f4][%mdl 544]} Qc7 46. Nd3 Nd6 47. Nf4 Qf7 48. Nxe6 Nxe6 49. Rxe6 Rxe6 50. Qxe6 Nxb5 (50... Qxe6 51. Rxe6 Ne4) 51. Qf5 Rd7 {Inhibits Nd8.} 52. Rb1 $2 (52. g4 $18 {and the rest is easy.} hxg4 53. Re6 (53. Qxg4 Nd6 $16)) 52... Nd6 $16 53. Qf4+ Kg7 {[#]} 54. Nxa7 $1 {[%cal Ob1e1][%mdl 512]} Ne4 ({Black should play} 54... Qe7) (54... Qe8 55. Rb6) 55. Nc8 (55. Nb5 $142 {aiming for f3.} Rb7 56. f3) 55... Rb7 $2 (55... Qg6 $16 56. Rc1 Qg4) 56. Rxb7 $18 Qxb7 57. Nd6 Nxd6 58. Qxd6 {[%mdl 4096] Endgame KQ-KQ} Qb2 59. Qf4 Qe2 {To avoid g4} 60. Kg2 $2 (60. g4 $18 hxg4 61. Kg3 Qd3+ 62. Kxg4) 60... Qe6 $2 {[%mdl 8192]} (60... Kg6 $16 {is a better chance.} 61. Qf3 Qe6) 61. Qf3 $2 (61. g4 $1 $18 {[%cal Rg4h5] is the precise move to win.}) 61... Kg6 $16 62. Qd3+ Kg7 63. Kf1 Qg4 64. Ke1 Qc8 65. Kd2 Qg4 66. Kc3 (66. Qe3 $16) 66... Qc8+ $1 $11 67. Kb4 Qc6 (67... Qc1 $1 $14 {is superior.}) 68. Qb5 $1 $16 Qd6+ 69. Qc5 Qb8+ 70. Ka5 (70. Kc3 $16) 70... Qb3 $11 71. Qe7+ Kg6 72. Qe8+ Kg7 $1 73. Qe3 Qb7 74. Qf4 Kg6 75. f3 Qa7+ 76. Kb5 Qb7+ 77. Kc5 Qa7+ 78. Kxd5 Qa8+ 79. Kc4 {Threatens to win with Qe4+.} Qa6+ (79... Qc6+ $11 80. Kd3 Qb5+ 81. Kc3 Qa5+ 82. Kc4 Qa6+ 83. Kd5 Qb7+ 84. Ke6 Qc8+ 85. Kd5 Qb7+ 86. Ke6 Qc8+ 87. Kd5 Qb7+) 80. Kc3 ({White should try} 80. Kc5 $1 $16) 80... Qa1+ (80... Qa3+ $11 {remains equal.} 81. Kc4 Qa2+ 82. Kc5 Qa3+ 83. Kb6 Qb4+ 84. Kc7 Qa5+ 85. Kd6 Qb6+ 86. Ke7 Qb7+ 87. Kd8 Qd5+ 88. Ke7 Qb7+ 89. Ke6 Qc8+ 90. Kd5 Qa8+ 91. Ke6 Qc8+ 92. Kd6 Qa6+ 93. Ke7 Qb7+) 81. Kc2 (81. Kb4 $16) 81... Qa4+ 82. Kd2 Qa2+ $2 (82... Qb4+ $11 83. Ke3 Qb3+ 84. Ke4 Qe6+ 85. Kd3 Qb3+ 86. Ke2 Qc4+ 87. Ke3 Qb3+ 88. Ke2 Qc4+ 89. Ke3 Qb3+) 83. Ke1 $1 $18 {Black must now prevent g4.} Qb1+ (83... Qa1+ $142 84. Ke2 Qa6+ 85. Ke3 Qa3+ 86. Ke4 Qa8+ 87. Ke3 Qa3+ 88. Ke4 Qe7+ 89. Kd3 Qa3+ 90. Ke2 Qa6+ 91. Ke3 Qa3+) 84. Ke2 $1 {Strongly threatening Qe4+.} Qb5+ {[#]} 85. Kf2 $1 Qb2+ 86. Kg1 {g4 is the strong threat.} Qb1+ 87. Kg2 Qc2+ (87... Qb2+ $142 88. Kh3 Qf2) 88. Kh3 {And now Qe4+ would win.} Qf2 89. Qe4+ Kg7 {[#]} 90. g4 $1 Qf1+ 91. Kg3 Qg1+ 92. Kf4 hxg4 $2 (92... Qc1+ 93. Qe3 Qc7+ 94. Ke4 Qc2+ 95. Kd5 Qa2+ 96. Kc5 hxg4 97. Qe7+ Kg6 98. Qe8+ Kh6) 93. Qe7+ Kg6 94. h5+ {Weighted Error Value: White=0.41/Black=0.42} ({Not} 94. Qe4+ Kf7 $16) 1-0

[Event "BAN-chT Golden Jubilee 2021-22"]
[Site "Dhaka"]
[Date "2022.03.13"]
[Round "4.5"]
[White "Rahman, Syed Mahfuzur"]
[Black "Abu Sufian, Shakil"]
[Result "1/2-1/2"]
[WhiteElo "2099"]
[BlackElo "2232"]
[Annotator "TA"]
[PlyCount "84"]
[EventDate "2022.03.10"]
[EventType "team-tourn"]
[EventCountry "BAN"]
[SourceTitle "playchess.com"]
[Source "ChessBase"]
[SourceQuality "1"]

{[%evp 15,84,23,18,6,1,0,0,0,10,6,0,0,4,-84,-84,-81,-87,-91,-95,-79,-81,-85,-92,-91,-36,-38,-8,-18,-12,-14,0,-163,-30,-74,0,-65,-73,-75,-45,-40,-43,-137,-18,-27,25,0,0,2,2,0,9,9,37,37,37,-20,-20,-25,-17,-29,-14,-12,-22,-28,0,-3,0,0,0,0,0]} 1. c4 c6 2. d4 d5 3. Nc3 Nf6 4. e3 a6 5. Nf3 b5 6. b3 Bg4 7. Be2 {7.a4 is the fancy move.} e6 8. O-O Nbd7 9. Qc2 {D15: Slav Defence: 4 Nc3 a6 and gambit lines after 4 Nc3 dxc4.} Bf5 10. Bd3 Bxd3 11. Qxd3 Bb4 12. Bb2 {[#]} O-O $146 ({Predecessor:} 12... Bxc3 13. Bxc3 Ne4 14. Nd2 f5 15. f3 Nxd2 16. Bxd2 O-O {½-½ (16) Reshetnikov,E (2301)-Van Delft,M (2372) Moscow 2006}) 13. Nd2 Re8 14. e4 {[#]} (14. a3 $11 {keeps the balance.} bxc4 15. bxc4) 14... dxc4 $1 $17 15. bxc4 {[#]} Ne5 $1 16. Qg3 Nxc4 ({Don't do} 16... Qxd4 17. Nd5 Qxb2 18. Nxf6+ Kh8 19. Nxe8 Rxe8 20. Rab1 Qxa2 21. Qxe5 $16) 17. Nxc4 bxc4 18. e5 Nd5 19. Ne4 Be7 (19... Qb6 $17) 20. Ba3 $15 Bxa3 21. Qxa3 Qb6 22. Rfd1 Reb8 $36 {[%mdl 2048] Black is more active.} 23. Qg3 $2 {[#]} (23. Qc1 $11 {and White is okay.}) 23... Qc7 (23... Qb2 $1 $19 {Strongly threatening ...c3.} 24. Nf6+ Kh8) 24. h4 (24. Qf3 $11) 24... f5 (24... Qa5 $17 25. Rdc1 Rb4) 25. exf6 (25. Nc5 $11) 25... Qxg3 26. Nxg3 gxf6 (26... c3 {with more complications.} 27. Rac1 Rb2 28. fxg7 a5 29. a3 Rab8) 27. Rac1 Rb4 28. Ne4 ({Better is} 28. Re1 $15) 28... Rab8 (28... f5 $17 29. a3 Rb2) 29. Nc5 Re8 (29... Rb2 $142) 30. Nxa6 (30. a3 $5 {[%cal Ra3b4]} Rb6 31. Rxc4 $14) 30... Ra4 {[%csl LRa2,LRa6]} (30... Rb6 $5 31. Nc5 Ra8 $11) 31. Nc5 Rxa2 32. Rxc4 Kf7 33. Ne4 {And now Nd6+ would win.} Rd8 {To avoid Nd6+} 34. Rxc6 Nf4 35. Kf1 {[#]} ({White should play} 35. Kh2 $14) 35... Rxd4 $1 $11 {[%cal Rd4d1]} 36. Nc3 (36. Re1 Nd3) 36... Rxd1+ 37. Nxd1 {[%mdl 4096] Endgame KRN-KRN} Ra1 {[%cal Ra1d1]} 38. Rd6 Nd5 39. Ke1 Ke7 40. Rc6 {The position is equal.} Kd7 41. Rc4 h5 42. Ke2 Ra2+ {Weighted Error Value: White=0.28 (precise) /Black=0.25 (precise)} 1/2-1/2